Allgemeinwissen-Quiz #18 - Statistiken

Allgemein
  • Dieses Quiz wurde 156 mal gespielt
  • Das Durchschnittsergebnis liegt bei 15 aus 20
Antwortstatistiken
Frage Antwort % Korrekt
Wie heisst die älteste Universität Englands? Oxford
98%
Was macht ein Charmeur? schmeicheln
97%
Wie heisst das Notrufsignal im internationalen Funkverkehr? Mayday
96%
Ein Doktor hat dir drei Tabletten verschrieben und gesagt, dass du jede halbe Stunde eine Tablette einnehmen musst. Wie viel Zeit liegt zwischen der ersten und der letzten Tablette? 1 Stunde
95%
Auf welchem Land wurden am Ende des zweiten Weltkriegs zwei Atombomben abgeworfen ? Japan
95%
Wenn ausgelassen gefeiert wird, dann ...? steppt der Bär
94%
Der gelbe Ball ist grösser als der grüne Ball. Der grüne Ball ist gleich gross wie der rote Ball. Der gelbe Ball ist grösser als der rote Ball. Der rote Ball ist grösser als der blaue Ball. Welches ist der grösste Ball? Der gelbe Ball
92%
Was ist ein Airfryer? Heissluftfritteuse
92%
Was fressen die Marienkäfer am liebsten? Blattläuse
88%
Welcher dieser Herren ist Enzo Ferrari?
79%
Was sind Crustacea? Krebstiere
79%
Welches Bild zeigt einen Roadrunner?
78%
Welches Bild zeigt Marlene Dietrich?
65%
Welches dieser MLB-Logos zeigt die Cincinnati Reds?
65%
Wie heisst die Tochter von Ozzy Osbourne mit Vornamen? Kelly
63%
Die Nautilus ist das Schiff von Kapitän ...? Nemo
61%
Wie hiess im 3.Kreuzzug der ebenbürtige Gegner von Richard Löwenherz auf Seiten der Araber? Saladin
56%
Auf welchem Bild sehen wir die Flagge von Burkina Faso?
49%
Was zählt zu den liturgischen Gewändern katholischer Priester? Rauchmantel
43%
In welcher Disziplin wurde Hartwig Steenken 1974 Weltmeister? Springreiten
36%
Keine übereinstimmenden Quizze gefunden
Verteilung der Resultate
Anzahl Personen mit jedem Resultat
Perzentil nach korrekt beantworteten Fragen
Ihre Resultats-Entwicklung
Sie haben dieses Quiz noch nicht gespielt